[Event "GRE-ch U14"]
[Site "Porto Rio"]
[Date "2016.07.01"]
[Round "6"]
[White "Gkikas, Ioannis"]
[Black "Magoulianos, Nikolaos"]
[Result "1-0"]
[WhiteElo "1512"]
[BlackElo "1360"]
[PlyCount "107"]
[EventDate "2016.06.28"]
[EventType "swiss"]
[EventRounds "9"]
[EventCountry "GRE"]
[SourceTitle "CBM 173 Extra"]
[Source "ChessBase"]
[SourceDate "2016.08.29"]
[SourceVersion "1"]
[SourceVersionDate "2016.08.29"]
[SourceQuality "1"]

1. e4 c5 2. Nf3 d6 3. d4 cxd4 4. Nxd4 Nf6 5. Nc3 a6 6. Be2 e5 7. Nb3 Be6 8. Be3 Be7 9. Qd3 Nc6 10. a3 d5 11. exd5 Nxd5 12. Nxd5 Qxd5 13. 0-0 0-0 14. Qxd5 Bxd5 15. Nc5 Nd4 16. Bxd4 exd4 17. Nd7 Rfd8 18. Nb6 Rab8 19. Nxd5 Rxd5 20. Rfe1 Bf6 21. Bd3 Re5 22. Rxe5 Bxe5 23. Re1 f6 24. Re4 Kf7 25. Kf1 Rd8 26. f4 Bc7 27. g3 g6 28. Bc4+ Kf8 29. Re6 Rd6 30. Ke2 Rxe6+ 31. Bxe6 Ke7 32. Bc8 g5 33. fxg5 fxg5 34. Bxb7 a5 35. Kd3 Bb6 36. Ke4 Ke6 37. Bc8+ Kf6 38. Kd5 h6 39. b4 axb4 40. axb4 Ke7 41. Kc6 Bd8 42. Bd7 h5 43. h3 h4 44. g4 Kf6 45. b5 Ke5 46. b6 Bxb6 47. Kxb6 Kf4 48. Kc5 Kg3 49. Kxd4 Kxh3 50. c4 Kg3 51. c5 h3 52. Bc6 Kxg4 53. Bd5 Kh4 54. c6 1-0

[Event "GRE-ch U14"]
[Site "Porto Rio"]
[Date "2016.06.30"]
[Round "4"]
[White "Bardis, Harilaos Panagiotis"]
[Black "Magoulianos, Nikolaos"]
[Result "1-0"]
[WhiteElo "1430"]
[BlackElo "1360"]
[PlyCount "83"]
[EventDate "2016.06.28"]
[EventType "swiss"]
[EventRounds "9"]
[EventCountry "GRE"]
[SourceTitle "CBM 173 Extra"]
[Source "ChessBase"]
[SourceDate "2016.08.29"]
[SourceVersion "1"]
[SourceVersionDate "2016.08.29"]
[SourceQuality "1"]

1. d4 d5 2. c4 c6 3. cxd5 cxd5 4. Nc3 Nf6 5. Bg5 e6 6. e3 Bb4 7. Qc2 Qc7 8. Bxf6 Bxc3+ 9. bxc3 gxf6 10. Bd3 Bd7 11. Ne2 h6 12. 0-0 Rg8 13. Ng3 Nc6 14. Nh5 Ke7 15. e4 Rac8 16. Qe2 e5 17. exd5 Bg4 18. f3 Nxd4 19. cxd4 Bxh5 20. Bf5 Rcd8 21. Rab1 b6 22. Rfc1 Qd6 23. dxe5 fxe5 24. Qe4 Qxd5 25. Rc7+ Ke8 26. Qxd5 Rxd5 27. g4 Bg6 28. Bxg6 Rxg6 29. Rxa7 h5 30. h3 f5 31. Kf2 hxg4 32. hxg4 fxg4 33. fxg4 Rd4 34. Rh1 Rg8 35. Rhh7 Rd5 36. Ke3 Rd4 37. Rab7 Rd6 38. a4 Rd5 39. Rxb6 Rd7 40. Rb8+ Rd8 41. Rbb7 Rd4 42. a5 1-0

[Event "GRE-ch U14"]
[Site "Porto Rio"]
[Date "2016.06.28"]
[Round "1"]
[White "Magoulianos, Nikolaos"]
[Black "Marinakis, Hristos"]
[Result "0-1"]
[WhiteElo "1360"]
[BlackElo "1773"]
[PlyCount "44"]
[EventDate "2016.06.28"]
[EventType "swiss"]
[EventRounds "9"]
[EventCountry "GRE"]
[SourceTitle "CBM 173 Extra"]
[Source "ChessBase"]
[SourceDate "2016.08.29"]
[SourceVersion "1"]
[SourceVersionDate "2016.08.29"]
[SourceQuality "1"]

1. d4 Nf6 2. c4 e6 3. g3 c5 4. d5 exd5 5. cxd5 d6 6. Nc3 g6 7. Bg2 Bg7 8. Nf3 0-0 9. 0-0 a6 10. a4 Re8 11. Re1 Ne4 12. Qc2 Bf5 13. Qb3 Nd7 14. Nh4 Nxc3 15. bxc3 c4 16. Qb2 Nc5 17. Bf4 Be4 18. Bxe4 Nxe4 19. Bd2 Qa5 20. Rec1 Nc5 21. Ra2 Nb3 22. Re1 Nxd2 0-1

[Event "Heraklion Gazi op 10th"]
[Site "Heraklion"]
[Date "2014.08.05"]
[Round "8"]
[White "Magoulianos, Nikolaos"]
[Black "Predeftakis, Georgios"]
[Result "0-1"]
[WhiteElo "1357"]
[BlackElo "1646"]
[PlyCount "50"]
[EventDate "2014.07.30"]
[EventType "swiss"]
[EventRounds "9"]
[EventCountry "GRE"]
[SourceTitle "EXT 2016"]
[Source "ChessBase"]
[SourceDate "2015.10.08"]
[SourceVersion "1"]
[SourceVersionDate "2015.10.08"]
[SourceQuality "1"]

1. d4 d6 2. c4 Nf6 3. Nc3 g6 4. Nf3 Bg7 5. Bg5 0-0 6. e3 c6 7. Bd3 Nbd7 8. 0-0 Qc7 9. Qc2 e5 10. dxe5 Nxe5 11. Nxe5 dxe5 12. f4 Ng4 13. Qe2 h6 14. f5 e4 15. Qxg4 exd3 16. Bh4 Qb6 17. Qg3 Qxb2 18. Ne4 Bxf5 19. Rxf5 Qxa1+ 20. Kf2 Qxa2+ 21. Kf3 Qe2+ 22. Kf4 gxf5 23. Bf6 Qg4+ 24. Ke5 Qxe4+ 25. Kd6 Qe6+ 0-1

[Event "Heraklion Gazi op 9th"]
[Site "Heraklion"]
[Date "2013.07.27"]
[Round "1"]
[White "Magoulianos, Nikolaos"]
[Black "Kanakaris, Georgios"]
[Result "0-1"]
[WhiteElo "1413"]
[BlackElo "2310"]
[PlyCount "74"]
[EventDate "2013.07.27"]
[EventType "swiss"]
[EventRounds "9"]
[EventCountry "GRE"]
[SourceTitle "CBM 155 Extra"]
[Source "ChessBase"]
[SourceDate "2013.08.26"]
[SourceVersion "1"]
[SourceVersionDate "2013.08.26"]
[SourceQuality "1"]

1. d4 Nf6 2. c4 g6 3. Nc3 Bg7 4. e4 d6 5. Nf3 0-0 6. Bd3 e5 7. dxe5 dxe5 8. Nxe5 Nxe4 9. Nxe4 Bxe5 10. 0-0 Nc6 11. Bc2 Bf5 12. Qxd8 Raxd8 13. f3 Kg7 14. Rb1 Nb4 15. Bb3 Bd4+ 16. Kh1 Nd3 17. g4 Nf2+ 18. Kg2 Nxg4 19. Bc2 Ne3+ 20. Bxe3 Bxe3 21. Rfe1 Bf4 22. Rbd1 h5 23. Ba4 h4 24. h3 Bc8 25. Nf2 Bg3 26. Rxd8 Rxd8 27. Re2 Rd4 28. b3 Bf5 29. Ne4 Bxe4 30. fxe4 Be5 31. Kf3 Rd1 32. Kg4 Rg1+ 33. Kf3 Rg3+ 34. Kf2 Rxh3 35. Kg1 Rg3+ 36. Rg2 Re3 37. Rg4 h3 0-1

[Event "Heraklion SOI op 4th"]
[Site "Heraklion"]
[Date "2012.01.03"]
[Round "1"]
[White "Magoulianos, Nikolaos"]
[Black "Maris, Ioannis"]
[Result "0-1"]
[WhiteElo "1015"]
[BlackElo "2005"]
[PlyCount "48"]
[EventDate "2012.01.04"]
[EventType "swiss"]
[EventRounds "7"]
[EventCountry "GRE"]
[SourceTitle "EXT 2024"]
[Source "ChessBase"]
[SourceDate "2023.10.10"]
[SourceVersion "1"]
[SourceVersionDate "2023.10.10"]
[SourceQuality "1"]

1. e4 e6 2. Nf3 c5 3. Nc3 Nc6 4. Bc4 a6 5. 0-0 b5 6. Bb3 c4 7. d3 cxb3 8. axb3 Bb7 9. Bf4 d6 10. Re1 Be7 11. Qd2 Nf6 12. e5 dxe5 13. Bxe5 Nxe5 14. Rxe5 0-0 15. Rae1 Qc7 16. h3 Rac8 17. R5e3 b4 18. Ne2 Bxf3 19. Rxf3 Qxc2 20. Qxc2 Rxc2 21. Rf4 Rfc8 22. Nd4 Rc1 23. Rxc1 Rxc1+ 24. Kh2 Bd6 0-1